000 00748pam a2200241 a 4500
001 1932583
005 20160201202055.0
008 860411s1987 nyua 001 0 eng
010 _a 86008459
020 _a0023427604
040 _aDLC
_cDLC
_dDLC
050 0 0 _aT353
_b.E62 1987
082 0 0 _a604.2
_219
245 0 0 _aEngineering graphics /
_cFrederick E. Giesecke ... [et al.].
250 _a4th ed.
260 _aNew York :
_bMacmillan ;
_aLondon :
_bCollier Macmillan,
_cc1987.
300 _aix, 963 p. :
_bill. ;
_c26 cm.
500 _aIncludes index.
650 0 _aEngineering graphics.
700 1 _aGiesecke, Frederick E.
_q(Frederick Ernest),
_d1869-1953.
906 _a7
_bcbc
_corignew
_d1
_eocip
_f19
_gy-gencatlg
942 _2lcc
_cBOOKS
999 _c3834
_d3834